000 00405cam a22001337a 4500
008 180718b1979 xxu||||| |||| 00| 0 eng d
082 _aBA27x54113 M426
100 _aMathur, P.R.G.
245 _aKhasi of Meghalaya: study in tribalism and religion
_cby P.R.G. Mathur
260 _aNew Delhi
_bCosmo
_c1979
300 _a198p.
650 _aKhasi (Indic people).
650 _aKhasi (Indic People) --Religion
999 _c350300
_d350300